| 000 | 00343nam a22001217a 4500 | ||
|---|---|---|---|
| 082 | _a297.63 PIR | ||
| 100 |
_aPIR MUHAMMAD KARAM SHAH ALAZHARI MUHAMMAD KARAM SHAH ALAZHARI, PIR _959760 |
||
| 245 | _aZIA-UN-NABI | ||
| 250 | _a7 VOLS | ||
| 260 |
_aLAHORE _bZIA UL QURAN _c2002 |
||
| 650 |
_aKNK-1; ISLAM-SEERAT-ZIA UN NABI _959761 |
||
| 942 | _cBK | ||
| 999 |
_c569659 _d569659 |
||